| 000 | 00386nam a2200181Ia 4500 | ||
|---|---|---|---|
| 005 | 20240823061215.0 | ||
| 008 | 240823s9999||||xx |||||||||||||| ||und|| | ||
| 041 | _aTAMIL | ||
| 082 | _A152.4 Q8 | ||
| 100 | _aNeerai Mahendran | ||
| 245 | 0 | _aUnnaal Mudium | |
| 250 | _a2nd | ||
| 260 |
_c2018 _bThe |
||
| 500 | _aYES | ||
| 650 |
_aTamil _bGeneral |
||
| 942 | _cBK | ||
| 999 |
_c232967 _d232967 |
||